[Event "XXII Elgoibar Masters"]
[Site "Elgoibar ESP"]
[Date "2012.12.11"]
[Round "1.2"]
[White "Gonzalez de la Torre,S"]
[Black "Etchegaray,P"]
[Result "1-0"]
[WhiteElo "2435"]
[BlackElo "2411"]

1.e4 e5 2.Nf3 Nc6 3.Bb5 a6 4.Ba4 Nf6 5.O-O Be7 6.Re1 b5 7.Bb3 d6 8.c3 O-O
9.h3 Bb7 10.d4 Re8 11.Nbd2 Bf8 12.d5 Ne7 13.Nf1 h6 14.N3h2 c6 15.dxc6 Bxc6
16.Qf3 Ng6 17.Ng4 Nh4 18.Nxh6+ gxh6 19.Qg3+ Bg7 20.Bxh6 Nh5 21.Qg4 Qf6 22.Bg5 Nf3+
23.gxf3 Qg6 24.Ng3 Nf4 25.Bxf4 Qxg4 26.fxg4 exf4 27.Nf5 Bf8 28.Bd5 Rac8 29.Bxc6 Rxc6
30.Kg2 Rc4 31.Kf3 b4 32.cxb4 Rxb4 33.b3 a5 34.Rad1 a4 35.bxa4 Rxa4 36.Kxf4 Rxa2
37.f3 Re6 38.Ra1 Rxa1 39.Rxa1 Re8 40.Rd1 Rd8 41.g5 Rd7 42.h4 Rd8 43.h5 Rd7
44.Rd5 Rd8 45.Kg4  1-0

[Event "4th Penang Heritage City Open"]
[Site "Penang MAS"]
[Date "2012.12.12"]
[Round "4.33"]
[White "Lim,Chuin Kai"]
[Black "Trenseno,Felica"]
[Result "1/2-1/2"]
[WhiteElo "1689"]
[BlackElo "1992"]

1.e4 e5 2.Nf3 Nc6 3.Bb5 a6 4.Ba4 Nf6 5.O-O Be7 6.Re1 b5 7.Bb3 d6 8.c3 O-O
9.h3 Bb7 10.d4 Re8 11.Nbd2 Bf8 12.Bc2 g6 13.Nf1 exd4 14.cxd4 Nb4 15.Ng3 Nxc2
16.Qxc2 Bg7 17.Bf4 Rc8 18.Rad1 Qd7 19.d5 Re7 20.Nd4 h5 21.f3 Qe8 22.Qd2 Nxd5
23.Ndf5 gxf5 24.exd5 Rxe1+ 25.Rxe1 Qd7 26.Nxh5 Qd8 27.Qe3 Qh4 28.Nxg7 Kxg7
29.Bg5 Qc4 30.Be7 Qc5 31.Qxc5 dxc5 32.Bxc5 Bxd5 33.a3  1/2-1/2

[Event "ALG-TUR Men 2012"]
[Site "Algiers ALG"]
[Date "2012.12.23"]
[Round "1.1"]
[White "Nassr,A"]
[Black "Koksal,E"]
[Result "0-1"]
[WhiteElo "2064"]
[BlackElo "2205"]

1.e4 e5 2.Nf3 Nc6 3.Bb5 a6 4.Ba4 Nf6 5.O-O Be7 6.Re1 b5 7.Bb3 d6 8.c3 O-O
9.h3 Bb7 10.d4 Re8 11.Nbd2 Bf8 12.Bc2 h6 13.Bb1 Nb8 14.b3 Nbd7 15.Bb2 g6
16.a4 Bg7 17.axb5 axb5 18.Bd3 c6 19.Qc2 Qb6 20.c4 Rxa1 21.Bxa1 Nh5 22.dxe5 dxe5
23.b4 Nf4 24.c5 Qc7 25.Bf1 Rd8 26.Nb3 Nf8 27.Rd1 Bc8 28.Kh2 Rxd1 29.Qxd1 g5
30.Na5 Bd7 31.Bc3 N8e6 32.g3 Ng6 33.Be2 h5 34.Ne1 h4 35.Nc2 Qc8 36.Bg4 Nd4
37.Bxd7 Qxd7 38.Ne3 Nf8 39.gxh4 gxh4 40.Qg4 Nfe6 41.Nf5 Nxf5 42.Qxf5 Qd3
43.Bxe5 Bxe5+ 44.Qxe5 Qf3 45.Qf5 Qxf5 46.exf5 Nd4 47.Kg1 Kg7 48.Kf1 Kf6 49.f3 Kxf5
50.Nb7 Kf4 51.Nd8 Kg3 52.Nxf7 Nc2 53.Ne5 Nxb4 54.Ke2 Kf4 55.Ng6+ Kg5 56.Ne5 Kf5
57.f4 Kxf4 58.Nf3 Kg3 59.Ne5 Na6 60.Nxc6 Nxc5 61.Ke3 Kxh3 62.Nd4 b4  0-1

[Event "Czech Christmas Open"]
[Site "Litomysl CZE"]
[Date "2012.12.29"]
[Round "4.3"]
[White "Sodoma,J"]
[Black "Sabuk,P"]
[Result "1/2-1/2"]
[WhiteElo "2379"]
[BlackElo "2195"]

1.e4 e5 2.Nf3 Nc6 3.Bb5 a6 4.Ba4 Nf6 5.O-O Be7 6.Re1 b5 7.Bb3 d6 8.c3 O-O
9.h3 Bb7 10.d4 Re8 11.Nbd2 Bf8 12.a3 g6 13.Ba2 Bg7 14.b4 Nb8 15.Qb3 Re7 16.Bb2 Nbd7
17.Rad1 Qe8 18.d5 Rd8 19.c4 c6 20.dxc6 Bxc6 21.Qc2 Bb7 22.Nb3 bxc4 23.Na5 Nb6
24.Nxc4 Nxc4 25.Bxc4 Nxe4 26.Rxe4 d5 27.Bxd5 Rxd5 28.Rxd5 Bxd5 29.Re3  1/2-1/2

[Event "XLII Rilton Cup"]
[Site "Stockholm SWE"]
[Date "2013.01.01"]
[Round "5.2"]
[White "Smirin,I"]
[Black "Urkedal,F"]
[Result "1-0"]
[WhiteElo "2652"]
[BlackElo "2469"]

1.e4 e5 2.Nf3 Nc6 3.Bb5 a6 4.Ba4 Nf6 5.O-O Be7 6.Re1 b5 7.Bb3 d6 8.c3 O-O
9.h3 Bb7 10.d4 Nd7 11.Nbd2 exd4 12.cxd4 Bf6 13.Nf1 Re8 14.Qd2 a5 15.a4 Nb4
16.Ng3 c5 17.Nf5 c4 18.Bc2 Nb6 19.axb5 Bc8 20.Ng3 g6 21.Bb1 Bd7 22.e5 Bg7
23.Ne4 dxe5 24.dxe5 Bxe5 25.Nxe5 Rxe5 26.Qd4 Re6 27.Bg5 Qf8 28.Nf6+ Rxf6
29.Bxf6 N6d5 30.Be4 Be6  1-0

[Event "120th ch-NZL"]
[Site "Wellington NZL"]
[Date "2013.01.07"]
[Round "8.7"]
[White "Fuatai,F"]
[Black "Milligan,H"]
[Result "1/2-1/2"]
[WhiteElo "2018"]
[BlackElo "2013"]

1.e4 e5 2.Nf3 Nc6 3.Bb5 a6 4.Ba4 Nf6 5.O-O Be7 6.Re1 b5 7.Bb3 d6 8.c3 O-O
9.h3 Bb7 10.d4 Re8 11.Ng5 Rf8 12.Nf3 Re8 13.Ng5 Rf8 14.f4 exf4 15.Bxf4 Na5
16.Bc2 h6 17.Nf3 c5 18.d5 Nc4 19.b3 Nb6 20.Nbd2 Nfd7 21.Nf1 Re8 22.Qd2 Bf8
23.Ng3 Ne5 24.Nxe5 dxe5 25.Be3 Nd7 26.Rf1 c4 27.b4 a5 28.a3 Ra6 29.Nf5 Bc8
30.Rad1 Nf6 31.Ng3 a4 32.Rf2 Nh7 33.Rdf1 f6 34.Bd1 Ng5 35.Bh5 Re7 36.Bg6 Nf7
37.Kh2 Rb7 38.Bc5 Nd6 39.Qe3 Bd7 40.Nh5 Nf7 41.g4 Nh8 42.Bf5 Be7 43.h4 Nf7
44.Qc1 Qf8 45.Be3 Qe8 46.Bg6 Bxg4 47.Rg1 Bxh5 48.Bxh5 Bf8 49.Bxh6 Qd8 50.Bxf7+ Rxf7
51.Rf5 Kh7 52.Be3  1/2-1/2

[Event "TCh-AUT 2012-13"]
[Site "Graz AUT"]
[Date "2013.01.18"]
[Round "5.1"]
[White "Baramidze,D"]
[Black "Ragger,M"]
[Result "0-1"]
[WhiteElo "2615"]
[BlackElo "2655"]

1.e4 e5 2.Nf3 Nc6 3.Bb5 a6 4.Ba4 Nf6 5.O-O Be7 6.Re1 b5 7.Bb3 d6 8.c3 O-O
9.h3 Bb7 10.d4 Re8 11.Ng5 Rf8 12.Nf3 Re8 13.Ng5 Rf8 14.f4 exf4 15.Bxf4 Na5
16.Bc2 Nd5 17.Qh5 h6 18.exd5 Bxg5 19.Bg3 g6 20.Qf3 Nc4 21.b3 Nb6 22.c4 bxc4
23.Nc3 Qf6 24.Qe4 Bd2 25.Rf1 Qg7  0-1

[Event "ch-TUR 2013"]
[Site "Antalya TUR"]
[Date "2013.02.02"]
[Round "1.20"]
[White "Cakmak,Hayri"]
[Black "Koksal,E"]
[Result "0-1"]
[WhiteElo "1710"]
[BlackElo "2228"]

1.e4 e5 2.Nf3 Nc6 3.Bb5 a6 4.Ba4 Nf6 5.O-O Be7 6.Re1 b5 7.Bb3 d6 8.c3 O-O
9.h3 Bb7 10.d3 Re8 11.Nbd2 Bf8 12.Nf1 h6 13.Ng3 Na5 14.Bc2 g6 15.Bd2 c5 16.a4 Nc6
17.Bb3 Na5 18.Bc2 Qc7 19.b4 Nc6 20.Bb3 Rad8 21.axb5 axb5 22.Qc2 Qd7 23.Re3 Kg7
24.bxc5 dxc5 25.Nh4 c4 26.Ba2 Na5 27.d4 b4 28.cxb4 exd4 29.Rf3 Nc6 30.Bxc4 Ne5
31.Bxh6+ Kxh6 32.Rxf6 Kg7 33.Rxg6+ fxg6 34.Bb3 Kh8 35.f4 Qh7 36.Nf3 Nxf3+
37.gxf3 Qxh3 38.Qf2 Bh6 39.Ne2 d3 40.Ng3 Bxf4 41.Qb2+ Be5  0-1

[Event "ch-TUR 2013"]
[Site "Antalya TUR"]
[Date "2013.02.05"]
[Round "5.44"]
[White "Duzgun,M"]
[Black "Celik,Abbas"]
[Result "1-0"]
[WhiteElo "1965"]
[BlackElo "1813"]

1.e4 e5 2.Nf3 Nc6 3.Bb5 a6 4.Ba4 Nf6 5.O-O Be7 6.Re1 b5 7.Bb3 d6 8.c3 O-O
9.h3 Bb7 10.d4 Re8 11.Nbd2 Bf8 12.d5 Ne7 13.c4 Ng6 14.g3 Qd7 15.Kh2 c6 16.Qe2 bxc4
17.dxc6 Qxc6 18.Bxc4 Nxe4 19.Nxe4 d5 20.Bb3 dxe4 21.Ng5 Re7 22.Nxe4 Rd7 23.Qc2 Bb4
24.Re2 Rad8 25.Qxc6 Bxc6 26.Bg5 Rb8 27.Rc1 Bb5 28.Rec2 h6 29.Rc8+ Rxc8 30.Rxc8+ Kh7
31.Be3 Ne7 32.Rb8 Nc6 33.Re8 Nd4 34.Bd1 Nf5 35.Bc2 Bd3 36.Bxd3 Rxd3 37.Rxe5 Nxe3
38.fxe3 f6 39.Re6 Kg6 40.Rb6 a5 41.g4 Rxe3 42.Ng3 Be1 43.Nf5 Re2+ 44.Kh1 Bb4
45.a3 Bf8 46.Rb7 Kg5 47.Nd4 Re1+ 48.Kg2 Kf4 49.Rb3 Bc5 50.Nf5 g6 51.Rf3+ Kg5
52.Ng7 Re2+ 53.Kf1 Re7 54.Nf5 Rb7 55.Ng3 Re7  1-0

[Event "ch-TUR 2013"]
[Site "Antalya TUR"]
[Date "2013.02.06"]
[Round "7.9"]
[White "Metin,O"]
[Black "Koksal,E"]
[Result "1-0"]
[WhiteElo "2021"]
[BlackElo "2228"]

1.e4 e5 2.Nf3 Nc6 3.Bb5 a6 4.Ba4 Nf6 5.O-O Be7 6.Re1 b5 7.Bb3 d6 8.c3 O-O
9.h3 Bb7 10.d4 Re8 11.Nbd2 Bf8 12.a4 h6 13.d5 Nb8 14.c4 c6 15.axb5 axb5 16.Rxa8 Bxa8
17.cxb5 cxd5 18.exd5 Bxd5 19.Bc2 Nbd7 20.Nb1 Bb7 21.Nc3 d5 22.Nh4 d4 23.Ne2 Bb4
24.Rf1 Nc5 25.Bb3 Nfe4 26.Nf5 Qd7 27.Neg3 Nxg3 28.fxg3 Ne6 29.Qg4 Kh8 30.Qh5 Bf8
31.Nxh6 gxh6 32.Rxf7 Re7 33.Bxe6 Qxe6 34.Rxf8+ Kg7 35.Bxh6+ Qxh6 36.Rg8+ Kxg8
37.Qxh6 Kf7 38.g4 Be4 39.b6 Bg6 40.Qg5 d3 41.Kf2 Rd7 42.Qxe5 d2 43.b7 d1=Q
44.b8=Q Qc2+ 45.Kg3 Be4 46.Qbe8+  1-0

[Event "ch-TUR 2013"]
[Site "Antalya TUR"]
[Date "2013.02.06"]
[Round "7.43"]
[White "Agdelen,Huseyin Can"]
[Black "Hadjiyev,S"]
[Result "0-1"]
[WhiteElo "1657"]
[BlackElo "2099"]

1.e4 e5 2.Nf3 Nc6 3.Bb5 a6 4.Ba4 Nf6 5.O-O Be7 6.Re1 b5 7.Bb3 d6 8.c3 O-O
9.h3 Bb7 10.d4 h6 11.Nbd2 Re8 12.Nf1 Bf8 13.Ng3 Na5 14.Bc2 g6 15.Nh2 Bg7
16.f4 Nc4 17.b3 Nb6 18.Nf3 Nbd7 19.f5 g5 20.a4 exd4 21.cxd4 c5 22.Bb2 cxd4
23.Bxd4 b4 24.Qd2 a5 25.Rad1 Rc8 26.Bb1 Bf8 27.Re3 Ne5 28.Bxe5 dxe5 29.Qxd8 Rexd8
30.Rxd8 Rxd8 31.Re1 Bc5+ 32.Kh2 Bd4 33.Rd1 Rd7 34.Nxd4 Rxd4 35.Rxd4 exd4
36.Bd3 Nd7 37.Kg1 Nc5 38.Bc4 Nxe4 39.Ne2 Nd2 40.Nxd4 Nxc4 41.bxc4 Kf8 42.Kf2 Ke7
43.g4 Kd6 44.Ke3 Bc6 45.Nxc6 Kxc6 46.Kd3 Kc5 47.f6 b3 48.Kc3 b2 49.Kxb2 Kxc4
50.Kc2 Kb4 51.Kd3 Kxa4 52.Kc4 Ka3 53.Kc3 a4  0-1

[Event "Moscow Gov Cup A Rapid"]
[Site "Moscow RUS"]
[Date "2013.02.19"]
[Round "6.16"]
[White "Bobrovskyi,Anton"]
[Black "Krylova,Elisaveta"]
[Result "1/2-1/2"]
[WhiteElo "1862"]
[BlackElo "1844"]

1.e4 e5 2.Nf3 Nc6 3.Bb5 a6 4.Ba4 Nf6 5.O-O Be7 6.Re1 b5 7.Bb3 O-O 8.h3 Bb7
9.c3 d6 10.d4 exd4 11.cxd4 Na5 12.Bc2 Nc6 13.e5 dxe5 14.dxe5 Nd7 15.Qd3 f5
16.exf6 Nxf6 17.Ng5 Qxd3 18.Bxd3 h6 19.Ne6 Bb4 20.Re2 Rf7 21.a3 Ba5 22.Bd2 Bxd2
23.Nxd2 Rd7 24.Bf5 Nd4 25.Nxd4 Rxd4 26.Nb3 Rf4 27.Be6+ Kh8 28.Nc5 Bd5 29.Nd3 Rd4
30.Nb4 Bxe6 31.Rxe6 a5 32.Nc6 Rd2 33.Re7 Rxb2 34.Rxc7 Ne4 35.Re1 Nxf2 36.Ree7 Rg8
37.Nd4 Nd3 38.Nf5 Nf4 39.Rxg7 Rxg2+ 40.Rxg2 Rxg2+ 41.Kf1 Rh2 42.Rb7 Rxh3
43.Rxb5 Rxa3 44.Nxh6 Ra1+ 45.Kf2 a4 46.Nf5 a3 47.Ra5 a2 48.Nd4 Nd3+ 49.Ke2 Nb4
50.Kd2 Rb1 51.Nc2 Rb2 52.Kc3 Nxc2 53.Kxb2 a1=Q+ 54.Rxa1 Nxa1 55.Kxa1  1/2-1/2

[Event "29th Open"]
[Site "Cappelle la Grande FRA"]
[Date "2013.02.25"]
[Round "4.24"]
[White "McDonald,N"]
[Black "Svetushkin,D"]
[Result "0-1"]
[WhiteElo "2433"]
[BlackElo "2612"]

1.e4 e5 2.Nf3 Nc6 3.Bb5 a6 4.Ba4 Nf6 5.O-O Be7 6.Re1 b5 7.Bb3 d6 8.c3 O-O
9.h3 Bb7 10.d4 Nd7 11.d5 Na5 12.Bc2 Nc4 13.a4 f5 14.b3 fxe4 15.Bxe4 Ncb6
16.a5 Nc8 17.c4 Nc5 18.Nc3 b4 19.Na2 Nxe4 20.Rxe4 c5 21.dxc6 Bxc6 22.Re3 Qxa5
23.Bd2 Qc7 24.Nxb4 Bb7 25.Bc3 Nb6 26.Nc2 Nd7 27.Ba5 Qc8 28.Nb4 Nc5 29.Ra2 Kh8
30.Nc2 Ne4 31.Nce1 Nc5 32.b4 Ne6 33.c5 dxc5 34.Nxe5 Bg5 35.Qh5 Qe8 36.Qxe8 Raxe8
37.Rc3 Bf6 38.N1d3 Bd5 39.Rd2 c4 40.Rxc4 Bxc4 41.Nxc4 Rc8 42.Nd6 Rc6 43.Ne4 Bd4
44.g3 Kg8 45.Kg2 Rfc8 46.Ne1 Bb6 47.Nf3 Bxa5 48.bxa5 Nc5 49.Nfg5 h6 50.Nxc5 Rxc5
51.Ne6 R5c6 52.Nf4 g5 53.Nd5 Kf7 54.Nb4 Rf6 55.Rd7+ Kg6 56.Nd5 Rf7 57.Rd6+ Kg7
58.Ne3 Rcf8 59.Rd2 Rb8 60.g4 Rf6 61.Nf5+ Kf7 62.h4 Ke6 63.hxg5 hxg5 64.f3 Ke5
65.Re2+ Kd5 66.Ne7+ Kc4 67.Re4+ Kd3 68.Nf5 Rb5 69.Ra4 Re6 70.Rd4+ Kc3 71.Ra4 Rb4
72.Ra1 Kb2 73.Rh1 Re5 74.Rh5 Rxa5 75.Rxg5 Rab5 76.Rh5 a5 77.Kg3 a4 78.Rh2+ Kb3
79.Ne3 Rc5 80.Rh1 a3 81.Rb1+ Ka4 82.Ra1 Rb3 83.Nf5 Rbc3 84.Nd4 R5c4 85.Ne2 Rc2
86.Nf4 Rc1 87.Ra2 R4c2 88.Ne2 Rxa2 89.Nxc1 Rc2  0-1

[Event "Reykjavik Open 2013"]
[Site "Reykjavik ISL"]
[Date "2013.02.26"]
[Round "9.19"]
[White "Wang Jue"]
[Black "Urkedal,F"]
[Result "0-1"]
[WhiteElo "2375"]
[BlackElo "2473"]

1.e4 e5 2.Nf3 Nc6 3.Bb5 a6 4.Ba4 Nf6 5.O-O Be7 6.Re1 b5 7.Bb3 d6 8.c3 O-O
9.h3 Bb7 10.d4 Nd7 11.Nbd2 exd4 12.cxd4 Bf6 13.Nf1 Na5 14.Bc2 Re8 15.N1h2 c5
16.Ng4 Bxd4 17.Nxd4 cxd4 18.Qxd4 Rc8 19.Re2 Ne5 20.Ne3 Qf6 21.Nf5 d5 22.Qb4 Nac4
23.Qe1 dxe4 24.Ng3 Nd6 25.Nxe4 Qg6 26.Ng3 Nf3+ 27.gxf3 Rxe2 28.Qxe2 Rxc2
29.Qe7 h5 30.Bf4 Qd3 31.Be3 Qd5 32.Ne4 Nxe4 33.fxe4 Qc6 34.Kh2 Qxe4 35.Qxe4 Bxe4
36.b4 h4 37.a4 f6 38.axb5 axb5 39.Rd1 Rb2 40.Bc5 Rb3 41.Rd4 f5 42.Be7 Kf7
43.Bxh4 Ke6 44.Bg3 g5 45.Bd6 Rf3 46.Rd2 f4 47.Bc5 Bf5 48.Rd6+ Ke5 49.Rh6 Rb3
50.Rh5 Kf6 51.Rh6+ Kg7 52.Rh5 Kg6 53.Rh8 Be6 54.Be7 Bd5 55.Rd8 Bf3 56.Rd6+ Kf5
57.Rf6+ Ke5 58.Ra6 Rb1 59.Bf6+ Kf5 60.Ra1 Rxb4 61.Be7 Re4 62.Bc5 Rc4 63.Be7 Rc7
64.Re1 Rd7 65.Bb4 Be4 66.Rc1 g4 67.hxg4+ Kxg4 68.Kg1 Rh7 69.f3+ Bxf3 70.Rc5 Rh1+
71.Kf2 Rh2+ 72.Kf1 Be2+ 73.Kg1 Rh3 74.Rc8 Rb3 75.Bd2 f3 76.Kf2 Kf5 77.Re8 Rd3
78.Bb4 Rd4 79.Be1 Re4 80.Rd8 Ke6 81.Bc3 Rc4 82.Bd2 Rc5 83.Bb4 Rd5 84.Re8+ Kd7
85.Re3 Rd4 86.Be1 Kc6 87.Re8 Rd7 88.Re5 Ra7 89.Bb4 Ra4 90.Re4 Kd5 91.Rh4 Ra1
92.Ke3 Rd1 93.Rh5+ Kc4 94.Rh4+ Kb3 95.Bc5 Rd3+ 96.Kf2 Rd5 97.Be7 Rd7 98.Bc5 Rc7
99.Rb4+ Kc3 100.Bd6 Ra7 101.Rb1 Ra4 102.Be5+ Kc4 103.Rc1+ Kd5 104.Bb2 Rc4
105.Rg1 b4 106.Ke3 Re4+ 107.Kf2 Kc4 108.Rg8 Kb3 109.Bf6 Rc4 110.Rb8 Kc2 111.Rb7 b3
112.Rb8 Rc6 113.Be5 Rc5 114.Bf6 Bb5 115.Bd4 Rf5 116.Rc8+ Kd3 117.Bh8 Bc4
118.Rd8+ Bd5 119.Re8 Rh5 120.Re3+ Kc2 121.Rc3+ Kd2 122.Rc8 Rh2+ 123.Kf1 Bc4+
124.Kg1 f2+  0-1

[Event "47th Begonia Open"]
[Site "Ballarat AUS"]
[Date "2013.03.10"]
[Round "5"]
[White "Zelesco,Karl"]
[Black "Ly,T"]
[Result "1-0"]
[WhiteElo "2148"]
[BlackElo "1980"]

1.e4 e5 2.Nf3 Nc6 3.Bb5 a6 4.Ba4 Nf6 5.O-O Be7 6.Re1 b5 7.Bb3 d6 8.c3 O-O
9.h3 Bb7 10.d4 Re8 11.Ng5 Rf8 12.Nf3 Re8 13.Nbd2 Bf8 14.d5 Nb8 15.Nf1 Nbd7
16.N3h2 Nc5 17.Bc2 c6 18.b4 Ncd7 19.dxc6 Bxc6 20.Bg5 Be7 21.Ng4 Nxg4 22.Bxe7 Qxe7
23.hxg4 Nb6 24.Ne3 g6 25.Qd3 Red8 26.Bb3 Qb7 27.Nd5 Bxd5 28.exd5 Rac8 29.Rad1 Qc7
30.Qe3 Qxc3 31.Qxb6  1-0

[Event "Norwegian Open 2013"]
[Site "Fagernes NOR"]
[Date "2013.03.24"]
[Round "6"]
[White "Hansen,TR"]
[Black "Urkedal,F"]
[Result "1/2-1/2"]
[WhiteElo "2463"]
[BlackElo "2470"]

1.e4 e5 2.Nf3 Nc6 3.Bb5 a6 4.Ba4 Nf6 5.O-O Be7 6.Re1 b5 7.Bb3 d6 8.c3 O-O
9.h3 Bb7 10.d4 Nd7 11.a4 Na5 12.Bc2  1/2-1/2

[Event "ch-ISR 2013"]
[Site "Acre ISR"]
[Date "2013.04.07"]
[Round "2.1"]
[White "Smirin,I"]
[Black "Baron,Ta"]
[Result "1-0"]
[WhiteElo "2663"]
[BlackElo "2473"]

1.e4 e5 2.Nf3 Nc6 3.Bb5 a6 4.Ba4 Nf6 5.O-O Be7 6.Re1 b5 7.Bb3 d6 8.c3 O-O
9.h3 Bb7 10.d4 Nd7 11.Nbd2 exd4 12.cxd4 Bf6 13.Nf1 Na5 14.Bc2 Re8 15.N1h2 c5
16.d5 Nc4 17.Rb1 Nce5 18.Nxe5 Nxe5 19.f4 Ng6 20.Be3 Bh4 21.Re2 a5 22.g4 Bg3
23.Qf1 b4 24.Qf3 Ba6 25.Rg2 Bxh2+ 26.Rxh2 Bc4 27.b3 Bb5 28.h4 a4 29.h5 Nf8
30.bxa4 Bxa4 31.Bd3 Qd7 32.h6 g6 33.e5 Bb5 34.Bxb5 Qxb5 35.f5 Rxe5 36.fxg6 fxg6
37.Rf2 Qe8 38.Bf4 Ra3 39.Rb3 Rxb3 40.axb3 Re1+ 41.Kg2 Nd7 42.Bxd6 Re3 43.Qf4 Re2
44.Kf3 Rxf2+ 45.Kxf2 Qf7 46.Qxf7+ Kxf7 47.Ke3 Kf6 48.Kd3 Nb6 49.Bxc5 Nxd5
50.Kc4 Ke5 51.g5 Ke4 52.Bxb4 Ne3+ 53.Kc5 Nc2 54.Bc3 Kf5 55.Bf6 Ke6 56.Kc4 Kd6
57.Bg7 Ne3+ 58.Kd4 Nc2+ 59.Kd3 Nb4+ 60.Kc4 Nc6 61.Bc3 Nd8 62.b4 Nf7 63.Bf6 Kc6
64.b5+ Kd7 65.Kd5 Nd6 66.b6 Nc8 67.b7 Nb6+ 68.Ke5 Nc4+ 69.Kd4 Na5 70.b8=N+  1-0

[Event "48th Capablanca Open I 2013"]
[Site "Havana CUB"]
[Date "2013.04.22"]
[Round "2.30"]
[White "Garcia Pantoja,R"]
[Black "Ochoa de la Rosa,M"]
[Result "1-0"]
[WhiteElo "2425"]
[BlackElo "2231"]

1.e4 e5 2.Nf3 Nc6 3.Bb5 a6 4.Ba4 Nf6 5.O-O Be7 6.Re1 b5 7.Bb3 d6 8.c3 O-O
9.h3 Bb7 10.d4 Re8 11.Nbd2 Bf8 12.a3 h6 13.Bc2 Nb8 14.b4 Nbd7 15.a4 c6 16.Bd3 Nb6
17.a5 Nbd7 18.Rb1 g6 19.Nf1 Bg7 20.Ng3 Qc7 21.Bd2 Nf8 22.Qc1 h5 23.Qc2 Ne6
24.Qa2 Nd7 25.Be3 Qd8 26.Rbd1 Qe7 27.Bc2 Rad8 28.Bb3 c5 29.Bd5 Ba8 30.dxc5 dxc5
31.Bxe6 Qxe6 32.Qxe6 Rxe6 33.Bxc5 Ree8 34.Bd6 Rc8 35.Rd3 f5 36.Nd2 h4 37.Ngf1 Rc6
38.f3 Re6 39.Bc5 Nxc5 40.Rd8+ Kf7 41.Rxa8 Nd3 42.Rd1 Nf4 43.Nb1 Red6 44.Ra7+ Kg8
45.Rxd6 Rxd6 46.exf5 gxf5 47.Ne3 Bf8 48.Kf2 Rg6 49.Nd2 Nd3+ 50.Kf1 Rc6 51.Nxf5 Rxc3
52.Ne4 Rc1+ 53.Ke2 Nf4+ 54.Kd2 Rc6 55.Ra8 Kf7 56.Ng5+ Kg6 57.Rxf8 Kxg5 58.Ne3 Rd6+
59.Kc2 Rc6+ 60.Kb3 Nd3 61.Rd8 Nc1+ 62.Kb2 Kf4 63.Nd5+ Kg3 64.Nc3 Kxg2 65.Rd1 Na2
66.Nxa2 Kxh3 67.Rg1 Rf6 68.Nc3 Rxf3 69.Rg6 Rg3 70.Rxa6 Kg2 71.Re6 h3 72.Rxe5 h2
73.Re2+ Kh3 74.Rxh2+ Kxh2 75.Nxb5 Kh3 76.a6 Rg6 77.Nc7  1-0

[Event "48th Capablanca Open I 2013"]
[Site "Havana CUB"]
[Date "2013.04.22"]
[Round "2.46"]
[White "Salgado Segui,Roberto"]
[Black "Marrero Lopez,Yan"]
[Result "1/2-1/2"]
[WhiteElo "2226"]
[BlackElo "2311"]

1.e4 e5 2.Nf3 Nc6 3.Bb5 a6 4.Ba4 Nf6 5.O-O Be7 6.Re1 b5 7.Bb3 d6 8.c3 O-O
9.h3 Bb7 10.d3 Na5 11.Bc2 c5 12.Nbd2 Re8 13.Nf1 Bf8 14.Ng3 g6 15.b3 d5 16.Qe2 d4
17.cxd4 cxd4 18.a3 b4 19.Bd2 bxa3 20.b4 Nc6 21.Reb1 Rb8 22.Bb3 Bc8 23.Ng5 Rb7
24.Rxa3 a5 25.Ba4 axb4 26.Rab3 Bd7 27.Bxc6 Bxc6 28.Bxb4 Qb8 29.Qa2 Bxb4 30.Rxb4 Ree7
31.Rxb7 Bxb7 32.Rb6 Qc7 33.Qa3 Kg7 34.Rb1 Ne8 35.Rc1 Qd6 36.Qa5 Rc7 37.Rxc7 Qxc7
38.Qxc7 Nxc7 39.Kf1 Ba6 40.Ke2 f6 41.Nf3 Ne6 42.Ne1 Kf7 43.Kd2  1/2-1/2

[Event "ch-Africa Open 2013"]
[Site "Tunis TUN"]
[Date "2013.05.24"]
[Round "6.1"]
[White "Amin,B"]
[Black "Solomon,K"]
[Result "1-0"]
[WhiteElo "2635"]
[BlackElo "2406"]

1.e4 e5 2.Nf3 Nc6 3.Bb5 a6 4.Ba4 Nf6 5.O-O Be7 6.Re1 b5 7.Bb3 d6 8.c3 O-O
9.h3 Bb7 10.d4 Nd7 11.Nbd2 Bf6 12.Nf1 exd4 13.cxd4 Na5 14.Bc2 c5 15.Ne3 Nc6
16.Nf5 Nxd4 17.N3xd4 Bxd4 18.Nxd4 cxd4 19.Qxd4 Rc8 20.Re2 Qe7 21.Bf4 Ne5
22.Rd1 Rfd8 23.Bb3 Nc4 24.Rd3 Kh8 25.Rc3 Ne5 26.Rxc8 Rxc8 27.f3 f5 28.Bxe5 dxe5
29.exf5 Re8 30.Qe3 e4 31.fxe4 Qxe4 32.Qxe4 Rxe4 33.Rxe4 Bxe4 34.g4 h5 35.Kf2 g5
36.Ke3 Bb1 37.f6 hxg4 38.hxg4 a5 39.Kd4 a4 40.Bd5 Bc2 41.Ke5 b4 42.Ke6  1-0

[Event "35th Nezhmetdinov Cup"]
[Site "Kazan RUS"]
[Date "2013.06.03"]
[Round "4.36"]
[White "Konovalov,R2"]
[Black "Ospennikov,D"]
[Result "1-0"]
[WhiteElo "2044"]
[BlackElo "2232"]

1.e4 e5 2.Nf3 Nc6 3.Bb5 a6 4.Ba4 Nf6 5.O-O Be7 6.Re1 b5 7.Bb3 d6 8.c3 O-O
9.h3 Bb7 10.d4 Re8 11.Bg5 h6 12.Bh4 Nh5 13.Nxe5 Nxe5 14.Qxh5 Bxh4 15.dxe5 Rxe5
16.Qxf7+ Kh8 17.Nd2 Bf6 18.f4 Re7 19.Qg6 Qe8 20.Qxe8+ Raxe8 21.Bc2 g5 22.fxg5 Bxg5
23.Nf3 Bf6 24.Rab1 h5 25.a4 bxa4 26.Bxa4 Rg8 27.Bc2 Reg7 28.Re2 Bc8 29.Kh2 Rg3
30.Rf1 a5 31.Rff2 Ba6 32.Re1 Bd8 33.e5 d5 34.e6 Be7 35.Ne5 R8g7 36.Nf7+ Kg8
37.Nh6+ Kh8 38.Nf7+ Kg8 39.Nh6+ Kh8 40.Nf5 R3g5 41.Nxg7 Rxg7 42.Rf5 h4 43.Rxd5 Bb7
44.Rd2 Bd6+ 45.Kg1 Bc5+ 46.Kh1 Be7 47.Be4 Bc8 48.Bf5 Kg8 49.Bg4 Rg5 50.Red1 Kg7
51.Rd5 Rg6 52.Re1 Rf6 53.Rf5 Rxe6 54.Rxe6 Bxe6 55.Re5  1-0

[Event "French Top 12 2013"]
[Site "Haguenau FRA"]
[Date "2013.06.04"]
[Round "6.5"]
[White "Sokolov,And1"]
[Black "Baron,Ta"]
[Result "1-0"]
[WhiteElo "2563"]
[BlackElo "2467"]

1.e4 e5 2.Nf3 Nc6 3.Bb5 a6 4.Ba4 Nf6 5.O-O Be7 6.Re1 b5 7.Bb3 d6 8.c3 O-O
9.h3 Bb7 10.d4 Nd7 11.Nbd2 exd4 12.cxd4 Bf6 13.Nf1 Na5 14.Bc2 Re8 15.N1h2 c5
16.d5 Nc4 17.Rb1 Nce5 18.Nxe5 Nxe5 19.f4 Ng6 20.Be3 Bh4 21.Re2 a5 22.Nf1 a4
23.g3 Bf6 24.Nh2 b4 25.Ng4 Ba6 26.Re1 b3 27.axb3 axb3 28.Bxb3 Rxe4 29.Bc2 Re8
30.Nxf6+ Qxf6 31.b4 c4 32.Ba4 Re7 33.Bc6 Rb8 34.b5 Bc8 35.Qd4 Qf5 36.Bf2 h5
37.Qxc4 Qxh3 38.Qf1 Qg4 39.Qg2 Bf5 40.Ra1 h4 41.gxh4 Qxf4 42.Qg5 Qf3 43.Qg3 Ne5
44.Rxe5 Qxg3+ 45.Bxg3 dxe5 46.Bf2 Be4 47.d6 Reb7 48.Bxe4 Rxb5 49.Rc1 Kf8
50.Bc5 Rd8 51.Ba3  1-0

[Event "FIDE WGP Dilijan 2013"]
[Site "Dilijan ARM"]
[Date "2013.06.23"]
[Round "7.3"]
[White "Kosintseva,T"]
[Black "Batchimeg,Tuvshintugs"]
[Result "1-0"]
[WhiteElo "2526"]
[BlackElo "2316"]

1.e4 e5 2.Nf3 Nc6 3.Bb5 a6 4.Ba4 Nf6 5.O-O Be7 6.Re1 b5 7.Bb3 d6 8.c3 O-O
9.h3 Bb7 10.d4 Re8 11.Nbd2 Bf8 12.a3 g6 13.Ba2 Bg7 14.b4 a5 15.d5 Ne7 16.bxa5 Rxa5
17.c4 c6 18.dxc6 Bxc6 19.cxb5 Rxb5 20.a4 Rb8 21.Ba3 h6 22.Nc4 Nxe4 23.Rxe4 d5
24.Nd6 dxe4 25.Bxf7+ Kh7 26.Bxe8 exf3 27.Bxc6 Nxc6 28.Ne4 Nd4 29.Bc5 fxg2
30.Qg4 Qd5 31.Qxg2 Ne2+ 32.Kh2 Nf4 33.Qf3 Rb3 34.Be3 Qa5 35.Nd2 Rb4 36.Qc6 Rb8
37.Ne4 Qd8 38.Rg1 Qh4 39.Rg3 g5 40.Nf6+ Kh8 41.Ne8 Rb2 42.Qc8 Kh7 43.Qf5+ Ng6
44.Qf7  1-0

[Event "Malaysian Masters Women 2013"]
[Site "Kuala Lumpur MAS"]
[Date "2013.06.25"]
[Round "7.1"]
[White "Fong Mi Yen"]
[Black "Tan,Li Ting"]
[Result "1-0"]
[WhiteElo "1890"]
[BlackElo "1903"]

1.e4 e5 2.Nf3 Nc6 3.Bb5 a6 4.Ba4 Nf6 5.O-O b5 6.Bb3 Be7 7.Re1 d6 8.h3 O-O
9.c3 Bb7 10.d4 Nd7 11.Nbd2 Bf6 12.Nf1 exd4 13.cxd4 Re8 14.Ng3 Nf8 15.Bd5 Na5
16.Bxb7 Nxb7 17.b3 c5 18.Rb1 Qb6 19.Bb2 Rad8 20.Nh5 Nd7 21.Qd2 h6 22.Nxf6+ Nxf6
23.Qf4 Re7 24.d5 Nd7 25.Nh4 f6 26.Nf5 Rf7 27.Re3 Kf8 28.Rg3 g5 29.Qg4 Rh7
30.Qh5 Ne5 31.Bxe5 dxe5 32.Rf3 Rdd7 33.Qg6 Rdf7 34.Nxh6 Rxh6 35.Qxh6+ Ke7
36.Rc3 Nd6 37.f3 c4+ 38.Kh2 b4 39.bxc4 Qc5 40.Rcb3 a5 41.a3 bxa3 42.Qh8 Qc7
43.c5 Qxc5 44.Rb7+  1-0

[Event "4th AIMAG Women"]
[Site "Incheon KOR"]
[Date "2013.07.03"]
[Round "6.11"]
[White "Lkhamsuren,U"]
[Black "Uchida,N"]
[Result "1-0"]
[WhiteElo "2104"]
[BlackElo "1834"]

1.e4 e5 2.Nf3 Nc6 3.Bb5 a6 4.Ba4 Nf6 5.O-O Be7 6.Re1 b5 7.Bb3 d6 8.c3 O-O
9.h3 Bb7 10.d4 Re8 11.Ng5 Rf8 12.Nf3 Re8 13.a4 h6 14.Bc2 exd4 15.cxd4 Nb4
16.Nbd2 Nxc2 17.Qxc2 c5 18.d5 Nd7 19.b3 Bf6 20.Bb2 Bxb2 21.Qxb2 Qf6 22.Qc2 Ne5
23.Nxe5 Qxe5 24.Qd3 Qd4 25.Qxd4 cxd4 26.f3 f5 27.Rac1 Rac8 28.axb5 axb5 29.Rxc8 Rxc8
30.b4 Rc2 31.Nb3 d3 32.Nd4 Rc4 33.Nxf5 d2 34.Rd1 Rc1 35.Ne3 Rxd1+ 36.Nxd1 Kf7
37.Kf2 Kf6 38.Ke3 Kg5 39.g3 Bc8 40.h4+ Kf6 41.Kxd2 Bh3 42.Ke3 g5 43.hxg5+ hxg5
44.f4 Bg2 45.Nc3 gxf4+ 46.gxf4 Bf1 47.Kd4 Ke7 48.e5 dxe5+ 49.fxe5 Bc4 50.Kc5  1-0

[Event "Klatov Open A 2013"]
[Site "Klatovy CZE"]
[Date "2013.07.04"]
[Round "6.28"]
[White "Vesely,Roman1"]
[Black "Strnad,Jakub"]
[Result "0-1"]
[WhiteElo "1899"]
[BlackElo "1689"]

1.e4 e5 2.Nf3 Nc6 3.Bb5 a6 4.Ba4 Nf6 5.O-O b5 6.Bb3 Be7 7.Re1 O-O 8.c3 d6
9.h3 Bb7 10.d4 Re8 11.Nbd2 Bf8 12.d5 Na5 13.Bc2 c6 14.dxc6 Nxc6 15.Nf1 Rc8
16.Ng3 g6 17.Nh2 h6 18.Rf1 b4 19.c4 Nd4 20.Bd3 Ne6 21.b3 a5 22.Ng4 Kh7 23.Be3 Nc5
24.Nxf6+ Qxf6 25.f4 Rc7 26.f5 Qh4 27.Bxc5 dxc5 28.Qf3 Bg7 29.Rad1 Qd8 30.Bc2 Rd7
31.Rxd7 Qxd7 32.Rd1 Qe7 33.Qd3 Bf6 34.Qd7 Rd8 35.Qxd8 Qxd8 36.Rxd8 Bxd8 37.Kf1 Kg7
38.Ke2 Bh4 39.Kf2 gxf5 40.exf5 e4  0-1